Fabrika so sladkým srdcom a tradíciou Vo výrobe roksových lízaniek patrí Figaro Trnava medzi svetovú špičku

Vznik a vývoj spoločnosti Figaro Trnava. Predmet výroby. Obchodné ciele. Hlavní dodávatelia základných surovín.

Saved in:
Bibliographic Details
Main Author: Holík, V.
Format: Book Chapter
Language:Slovak
Subjects:
Tags: Add Tag
No Tags, Be the first to tag this record!

MARC

LEADER 00000naa a2200000 4500
001 r022848
005 20251104123808.6
041 0 |a slo 
044 |a SK 
245 1 0 |a Fabrika so sladkým srdcom a tradíciou  |b Vo výrobe roksových lízaniek patrí Figaro Trnava medzi svetovú špičku  |c V. Holík 
520 |a Vznik a vývoj spoločnosti Figaro Trnava. Predmet výroby. Obchodné ciele. Hlavní dodávatelia základných surovín. 
610 2 0 |a firmy 
610 2 0 |a Figaro Trnava, a.s. Trnava 
610 2 0 |a podnik výrobný 
610 2 0 |a programy výrobné 
610 2 0 |a požívatiny 
100 1 |a Holík, V.